[Event "MVP-ch Seniors op 19th"]
[Site "Ostseebad Binz"]
[Date "2019.11.27"]
[Round "1"]
[White "Mewes, Hans Dieter"]
[Black "Thiel, Kuno"]
[Result "0-1"]
[WhiteElo "1820"]
[BlackElo "2175"]
[PlyCount "44"]
[EventDate "2019.11.27"]
[EventType "swiss"]
[EventRounds "9"]
[EventCountry "GER"]
[SourceTitle "EXT 2021"]
[Source "ChessBase"]
[SourceDate "2020.10.23"]
[SourceVersion "1"]
[SourceVersionDate "2020.10.23"]
[SourceQuality "1"]

1. c4 b6 2. Nc3 Bb7 3. e4 e6 4. g3 f5 5. Bg2 Nf6 6. f3 fxe4 7. fxe4 e5 8. d3 Bc5 9. Na4 Bxg1 10. Rxg1 0-0 11. Nc3 Qe8 12. Bg5 Na6 13. Qe2 Qg6 14. Bxf6 Rxf6 15. 0-0-0 Qh6+ 16. Kb1 Qxh2 17. Nd5 Bxd5 18. exd5 d6 19. d4 Raf8 20. dxe5 Rf2 21. Qe4 Nc5 22. Qh4 Rxg2 0-1

[Event "MVP-ch Seniors op 18th"]
[Site "Ostseebad Binz"]
[Date "2018.11.30"]
[Round "3"]
[White "Mewes, Hans Dieter"]
[Black "Scholz, Jutta"]
[Result "1/2-1/2"]
[WhiteElo "1841"]
[BlackElo "1636"]
[PlyCount "58"]
[EventDate "2018.11.28"]
[EventType "swiss"]
[EventRounds "9"]
[EventCountry "GER"]
[SourceTitle "CBM 188 Extra"]
[Source "ChessBase"]
[SourceDate "2019.02.26"]
[SourceVersion "1"]
[SourceVersionDate "2019.02.26"]
[SourceQuality "1"]

1. c4 Nf6 2. g3 d6 3. Bg2 e5 4. Nc3 Nc6 5. h3 g6 6. d3 Bg7 7. Nf3 0-0 8. 0-0 Rb8 9. Rb1 Re8 10. e4 Bd7 11. Be3 Qc8 12. Kh2 a6 13. a3 h6 14. Qd2 Kh7 15. b4 Ng8 16. Nd5 f5 17. Ng1 Qd8 18. g4 Nd4 19. Ne2 c6 20. Ndc3 b5 21. cxb5 axb5 22. Nd1 Ra8 23. Bxd4 exd4 24. Ra1 Rc8 25. Nb2 c5 26. Rac1 c4 27. dxc4 fxe4 28. Nxd4 e3 29. Qd3 Qf6 1/2-1/2

[Event "Schleswig Holstein-ch Seniors op 11th"]
[Site "Buesum"]
[Date "2017.09.15"]
[Round "8"]
[White "Mentink, Toon"]
[Black "Mewes, Hans Dieter"]
[Result "1-0"]
[WhiteElo "1946"]
[BlackElo "1845"]
[PlyCount "84"]
[EventDate "2017.09.08"]
[EventType "swiss"]
[EventRounds "9"]
[EventCountry "GER"]
[SourceTitle "EXT 2019"]
[Source "ChessBase"]
[SourceDate "2018.10.10"]
[SourceVersion "1"]
[SourceVersionDate "2018.10.10"]
[SourceQuality "1"]

1. b3 Nf6 2. Bb2 d5 3. e3 Bf5 4. Nf3 Nbd7 5. Be2 e6 6. 0-0 Bd6 7. d4 c6 8. c4 Rc8 9. Nc3 0-0 10. h3 h6 11. Bd3 Bxd3 12. Qxd3 Re8 13. e4 dxe4 14. Nxe4 Nxe4 15. Qxe4 Nf6 16. Qc2 b5 17. Rad1 Bb8 18. Rfe1 Qe7 19. Qe2 a6 20. d5 cxd5 21. cxd5 Nh7 22. Qd3 Rcd8 23. Qc3 Nf6 24. dxe6 fxe6 25. Rxd8 Qxd8 26. g3 Qb6 27. Kg2 Qb7 28. Rc1 e5 29. Qc6 Qe7 30. Qxa6 Qd7 31. Qc6 Qf5 32. Qxb5 Rd8 33. Qc4+ Kh8 34. Nh4 Qh5 35. Qe6 Re8 36. Rc8 Kh7 37. Rxe8 Qxe8 38. Qxe8 Nxe8 39. Nf5 Kg6 40. g4 h5 41. Ne7+ Kf7 42. Nc6 hxg4 1-0

[Event "Schleswig Holstein-ch Seniors op 11th"]
[Site "Buesum"]
[Date "2017.09.12"]
[Round "5"]
[White "Mewes, Hans Dieter"]
[Black "Strobel, Walter"]
[Result "1/2-1/2"]
[WhiteElo "1845"]
[BlackElo "2189"]
[PlyCount "79"]
[EventDate "2017.09.08"]
[EventType "swiss"]
[EventRounds "9"]
[EventCountry "GER"]
[SourceTitle "EXT 2019"]
[Source "ChessBase"]
[SourceDate "2018.10.10"]
[SourceVersion "1"]
[SourceVersionDate "2018.10.10"]
[SourceQuality "1"]

1. c4 Nf6 2. g3 e5 3. Bg2 c6 4. d4 e4 5. Nc3 Bb4 6. Bd2 Bxc3 7. Bxc3 d5 8. cxd5 cxd5 9. h3 0-0 10. e3 Nc6 11. Qd2 a5 12. a4 Qd6 13. Ne2 Nb4 14. 0-0 b6 15. Bxb4 axb4 16. Rfc1 Ba6 17. b3 g5 18. Bf1 h5 19. Kh1 Kg7 20. Ng1 Bxf1 21. Rxf1 Nd7 22. Rac1 Nb8 23. Ne2 Nc6 24. Qb2 Na5 25. Rc2 Qd7 26. Kh2 Nc6 27. Rcc1 Qd6 28. Kg2 f5 29. Qd2 Na5 30. Qb2 Rae8 31. Rb1 Rf7 32. Qd2 Kg6 33. Rg1 Ref8 34. Kh2 Rh8 35. h4 Rfh7 36. Kh3 Rc7 37. Rgc1 Rhc8 38. Rxc7 Rxc7 39. Rb2 gxh4 40. Nf4+ 1/2-1/2

[Event "Schleswig Holstein-ch Seniors op 11th"]
[Site "Buesum"]
[Date "2017.09.10"]
[Round "3"]
[White "Mewes, Hans Dieter"]
[Black "Kracht, Helmut"]
[Result "0-1"]
[WhiteElo "1845"]
[BlackElo "1979"]
[PlyCount "72"]
[EventDate "2017.09.08"]
[EventType "swiss"]
[EventRounds "9"]
[EventCountry "GER"]
[SourceTitle "EXT 2019"]
[Source "ChessBase"]
[SourceDate "2018.10.10"]
[SourceVersion "1"]
[SourceVersionDate "2018.10.10"]
[SourceQuality "1"]

1. c4 g6 2. Nc3 Bg7 3. g3 d6 4. Bg2 e5 5. d3 Nc6 6. e3 Nf6 7. Nge2 0-0 8. 0-0 Be6 9. h3 e4 10. Nxe4 Nxe4 11. Bxe4 Bxh3 12. Bg2 Bg4 13. f3 Bd7 14. Rb1 a5 15. a3 Re8 16. d4 Ne7 17. Qd3 c6 18. b4 axb4 19. axb4 d5 20. c5 Bf5 21. e4 dxe4 22. fxe4 Bg4 23. Bf3 Bc8 24. Bf4 Be6 25. Ra1 Qd7 26. Rfd1 f5 27. Bd6 fxe4 28. Bxe4 Rxa1 29. Rxa1 Nc8 30. Bf4 Bd5 31. Bg2 Rxe2 32. Qxe2 Bxd4+ 33. Kh2 Bxa1 34. Bh3 Qd8 35. Be6+ Bxe6 36. Qxe6+ Kg7 0-1

[Event "MVP-ch Seniors op 16th"]
[Site "Binz"]
[Date "2016.12.01"]
[Round "9.43"]
[White "Tuertmann, Dieter"]
[Black "Mewes, Hans Dieter"]
[Result "1-0"]
[WhiteElo "2007"]
[BlackElo "1868"]
[PlyCount "107"]
[EventDate "2016.11.23"]
[EventType "swiss"]
[EventRounds "9"]
[EventCountry "GER"]
[SourceTitle "EXT 2018"]
[Source "ChessBase"]
[SourceDate "2017.10.13"]
[SourceVersion "1"]
[SourceVersionDate "2017.10.13"]
[SourceQuality "1"]

1. c4 c5 2. Nc3 Nc6 3. e3 Nf6 4. b3 g6 5. Bb2 Bg7 6. d3 d6 7. Be2 0-0 8. Nf3 Re8 9. 0-0 Bg4 10. Qc2 Rc8 11. a3 b6 12. Rad1 e6 13. h3 Bxf3 14. Bxf3 Qe7 15. Rd2 Red8 16. Rfd1 d5 17. cxd5 Nxd5 18. Nxd5 exd5 19. Bc1 Ne5 20. Be2 g5 21. Rf1 Ng6 22. g3 f5 23. Rdd1 Kh8 24. Bf3 Qf6 25. Kg2 Qc3 26. Qxc3 Bxc3 27. Be2 Bf6 28. f3 Kg7 29. Rd2 Re8 30. Rc2 d4 31. e4 f4 32. gxf4 gxf4 33. Bd2 Kf7 34. Rfc1 Ke6 35. b4 Be7 36. Kh2 Rg8 37. bxc5 Bxc5 38. Be1 Kd7 39. a4 Ba3 40. Rxc8 Rxc8 41. Rxc8 Kxc8 42. Bf2 Bc5 43. h4 h5 44. Kg2 Kd7 45. Bd1 Ne5 46. Bc2 Kc6 47. Be1 a5 48. Bd2 Ng6 49. Bb3 Bb4 50. Bc1 Be1 51. Bf7 Nxh4+ 52. Kf1 Bg3 53. Bxh5 Kd7 54. Bb2 1-0

[Event "MVP-ch Seniors op 16th"]
[Site "Binz"]
[Date "2016.11.27"]
[Round "5.59"]
[White "Schwandowski, Udo"]
[Black "Mewes, Hans Dieter"]
[Result "0-1"]
[WhiteElo "1713"]
[BlackElo "1868"]
[PlyCount "148"]
[EventDate "2016.11.23"]
[EventType "swiss"]
[EventRounds "9"]
[EventCountry "GER"]
[SourceTitle "EXT 2018"]
[Source "ChessBase"]
[SourceDate "2017.10.13"]
[SourceVersion "1"]
[SourceVersionDate "2017.10.13"]
[SourceQuality "1"]

1. d4 Nf6 2. c4 e6 3. Nc3 Bb4 4. Nf3 b6 5. Bd2 Bb7 6. e3 0-0 7. Be2 a5 8. 0-0 d5 9. Ne5 Nbd7 10. Nxd7 Qxd7 11. cxd5 exd5 12. a3 Be7 13. h3 Rfe8 14. Qb3 Ba6 15. Bxa6 Rxa6 16. Qb5 Qxb5 17. Nxb5 Bd8 18. Rac1 Re7 19. Rc6 Ne8 20. Rfc1 Ra8 21. g4 Re6 22. R6c2 f6 23. f4 Kf7 24. Kf2 Re7 25. Kf3 Rd7 26. h4 Rc8 27. Na7 Rb8 28. Nc6 Rb7 29. Rc3 Be7 30. Rb3 Nd6 31. Nxe7 Kxe7 32. Rbc3 Ne4 33. R3c2 Ra7 34. Be1 c5 35. dxc5 bxc5 36. Ke2 Rdb7 37. Rd1 Kd6 38. g5 fxg5 39. hxg5 g6 40. Kf3 Ke6 41. Rh2 Rb3 42. Rc2 a4 43. Ke2 Rab7 44. Rb1 Rxa3 45. bxa3 Rxb1 46. Bc3 Rb3 47. Bb2 c4 48. Bc1 Nc3+ 49. Kf3 Nb1 50. Rh2 Rb7 51. Rh1 Nc3 52. Bd2 Ne4 53. Bb4 c3 54. Rc1 Rc7 55. Rc2 Rc4 56. Ba5 d4 57. exd4 Rxd4 58. Ke3 Rd2 59. Rc1 Kf5 60. Bb4 Rg2 61. Rf1 c2 62. Rc1 Re2+ 63. Kd3 Rf2 64. Ba5 Nc5+ 65. Kc3 Kxf4 66. Rxc2 Rxc2+ 67. Kxc2 Kxg5 68. Kd1 Kf5 69. Ke1 Ke4 70. Kf2 h5 71. Kg3 Ne6 72. Bb6 g5 73. Ba5 Nd4 74. Kh3 Nf5 0-1

[Event "MVP-ch Seniors op 16th"]
[Site "Binz"]
[Date "2016.11.23"]
[Round "1.2"]
[White "Mewes, Hans Dieter"]
[Black "Krueger, Erich"]
[Result "0-1"]
[WhiteElo "1868"]
[BlackElo "2236"]
[PlyCount "52"]
[EventDate "2016.11.23"]
[EventType "swiss"]
[EventRounds "9"]
[EventCountry "GER"]
[SourceTitle "EXT 2018"]
[Source "ChessBase"]
[SourceDate "2017.10.13"]
[SourceVersion "1"]
[SourceVersionDate "2017.10.13"]
[SourceQuality "1"]

1. c4 Nf6 2. g3 g6 3. Bg2 Bg7 4. Nc3 0-0 5. d4 d6 6. Nf3 c6 7. 0-0 Qa5 8. h3 e5 9. dxe5 dxe5 10. Qc2 Bf5 11. e4 Be6 12. b3 Na6 13. Ne1 Rad8 14. Nd3 Nh5 15. Be3 f5 16. Bxa7 Nb4 17. Nxb4 Qxa7 18. Kh2 f4 19. Qe2 Rd7 20. Rad1 f3 21. Bxf3 Rdf7 22. Rd3 g5 23. Kg2 Nf6 24. a4 Nd7 25. Qe3 Qa5 26. Nc2 Rxf3 0-1

[Event "Schleswig Holstein-ch Seniors op 10th"]
[Site "Buesum"]
[Date "2016.10.03"]
[Round "8"]
[White "Goertz, Hans Georg"]
[Black "Mewes, Hans Dieter"]
[Result "1-0"]
[WhiteElo "1989"]
[BlackElo "1850"]
[PlyCount "61"]
[EventDate "2016.09.26"]
[EventType "swiss"]
[EventRounds "9"]
[EventCountry "GER"]
[SourceTitle "EXT 2019"]
[Source "ChessBase"]
[SourceDate "2018.10.10"]
[SourceVersion "1"]
[SourceVersionDate "2018.10.10"]
[SourceQuality "1"]

1. d4 Nf6 2. Nf3 e6 3. g3 b6 4. Bg2 Bb7 5. 0-0 Be7 6. c4 0-0 7. Nc3 d5 8. b3 Nbd7 9. Bb2 Re8 10. Ne5 c5 11. e3 a6 12. a4 Qc7 13. Nxd7 Qxd7 14. Qe2 cxd4 15. exd4 Rab8 16. a5 bxa5 17. c5 e5 18. Qd2 exd4 19. Qxd4 Qc6 20. Na4 Bf8 21. Rfc1 Re7 22. Qf4 Rbe8 23. Bxf6 gxf6 24. Nb6 Re5 25. Nc4 Re4 26. Bxe4 Rxe4 27. Nxa5 Qc8 28. Qf3 Bc6 29. Nxc6 Qxc6 30. Ra4 d4 31. Qd3 1-0

[Event "Hessen-ch Seniors op 12th"]
[Site "Bad Sooden-Allendorf"]
[Date "2016.05.03"]
[Round "4"]
[White "Hilbig, Dieter"]
[Black "Mewes, Hans Dieter"]
[Result "1/2-1/2"]
[WhiteElo "2001"]
[BlackElo "1847"]
[PlyCount "109"]
[EventDate "2016.04.30"]
[EventType "swiss"]
[EventRounds "9"]
[EventCountry "GER"]
[SourceTitle "EXT 2019"]
[Source "ChessBase"]
[SourceDate "2018.10.10"]
[SourceVersion "1"]
[SourceVersionDate "2018.10.10"]
[SourceQuality "1"]

1. e4 d5 2. exd5 Qxd5 3. Nc3 Qd6 4. d4 Nf6 5. Nge2 c6 6. Bf4 Qd8 7. Qd2 Bf5 8. Ng3 Bg6 9. h4 h6 10. 0-0-0 e6 11. Bd3 Bxd3 12. Qxd3 Bd6 13. Bxd6 Qxd6 14. Kb1 Nbd7 15. Nge4 Nxe4 16. Nxe4 Qc7 17. Qa3 Nb6 18. Nd6+ Kd8 19. Rh3 Nc8 20. Nc4 Qe7 21. Qg3 Rg8 22. f4 Nd6 23. Ne5 g6 24. Qe3 Kc7 25. Qe1 Kd8 26. Rb3 Ke8 27. g4 f6 28. Nd3 Kf7 29. Nc5 b6 30. Na4 Qd7 31. Rh3 Rac8 32. Nc3 Qc7 33. Qe2 Rge8 34. h5 g5 35. fxg5 hxg5 36. Rf3 f5 37. Qe3 Qe7 38. Rdf1 f4 39. Qd3 Kg7 40. Re1 Qf6 41. Nd1 Nf7 42. Nf2 Rcd8 43. Ne4 Qh6 44. Qc4 e5 45. dxe5 Rxe5 46. Rc1 Qe6 47. Qxe6 Rxe6 48. Nf2 Re3 49. Rxe3 fxe3 50. Nd3 Rd4 51. Re1 Re4 52. c3 Nh6 53. Nb4 Re6 54. Nc2 Nxg4 55. Nd4 1/2-1/2

[Event "Hessen-ch Seniors op 12th"]
[Site "Bad Sooden-Allendorf"]
[Date "2016.04.30"]
[Round "1"]
[White "Mewes, Hans Dieter"]
[Black "Zunker, Reinhard"]
[Result "0-1"]
[WhiteElo "1847"]
[BlackElo "2118"]
[PlyCount "92"]
[EventDate "2016.04.30"]
[EventType "swiss"]
[EventRounds "9"]
[EventCountry "GER"]
[SourceTitle "EXT 2019"]
[Source "ChessBase"]
[SourceDate "2018.10.10"]
[SourceVersion "1"]
[SourceVersionDate "2018.10.10"]
[SourceQuality "1"]

1. c4 e5 2. Nc3 Nc6 3. g3 g6 4. Bg2 Bg7 5. d3 Nf6 6. Bd2 d6 7. h3 Be6 8. Rb1 0-0 9. Qc1 d5 10. cxd5 Nxd5 11. Bh6 Qd7 12. Bxg7 Kxg7 13. Ne4 Qd8 14. Nc5 Bc8 15. Nf3 f6 16. 0-0 Nce7 17. Kh2 b6 18. Na4 Be6 19. b3 c5 20. Nc3 Qd7 21. Rd1 Rad8 22. Nxd5 Nxd5 23. Qb2 Nb4 24. Rd2 h6 25. Rbd1 Nc6 26. Qc3 Rc8 27. e3 Nb4 28. Qb2 Rf7 29. Ne1 Bd5 30. Bf1 a5 31. f4 Qe6 32. e4 Bb7 33. Rf2 Qd6 34. Rdd2 Nc6 35. Bg2 Rcf8 36. Nc2 Ba6 37. Ne1 Nd4 38. Nf3 exf4 39. gxf4 Qxf4+ 40. Kg1 Nxf3+ 41. Rxf3 Qe5 42. Bf1 Qxb2 43. Rxb2 Rd8 44. Rbf2 Bc8 45. Kh2 Be6 46. Kg3 f5 0-1

[Event "MVP-ch Seniors op 15th"]
[Site "Binz"]
[Date "2015.11.24"]
[Round "1.24"]
[White "Mewes, Hans Dieter"]
[Black "Kahn, Peter"]
[Result "0-1"]
[WhiteElo "1646"]
[BlackElo "1945"]
[PlyCount "58"]
[EventDate "2015.11.24"]
[EventType "swiss"]
[EventRounds "9"]
[EventCountry "GER"]
[SourceTitle "EXT 2017"]
[Source "ChessBase"]
[SourceDate "2016.10.25"]
[SourceVersion "1"]
[SourceVersionDate "2016.10.25"]
[SourceQuality "1"]

1. c4 c6 2. g3 Nf6 3. Bg2 e5 4. d4 exd4 5. Qxd4 d5 6. cxd5 cxd5 7. Nf3 Nc6 8. Qd1 Be7 9. 0-0 0-0 10. h3 h6 11. Ne1 Bf5 12. Nd3 Qb6 13. Nc3 d4 14. Na4 Qb5 15. b3 Rac8 16. Kh2 Rfd8 17. g4 Bd6+ 18. Kg1 Be4 19. Nab2 Bxg2 20. Kxg2 Nb4 21. Nxb4 Bxb4 22. Rb1 Ne4 23. Na4 Qc6 24. f3 b5 25. Qd3 Nf6 26. a3 Be7 27. Nb2 Bxa3 28. Qd2 Qc2 29. Qd1 Qxb1 0-1

[Event "Schleswig Holstein-ch Seniors op 9th"]
[Site "Buesum"]
[Date "2015.10.04"]
[Round "6"]
[White "Mewes, Hans Dieter"]
[Black "Ophoff, Rigobert"]
[Result "1/2-1/2"]
[WhiteElo "1929"]
[BlackElo "2009"]
[PlyCount "37"]
[EventDate "2015.09.28"]
[EventType "swiss"]
[EventRounds "9"]
[EventCountry "GER"]
[SourceTitle "EXT 2018"]
[Source "ChessBase"]
[SourceDate "2017.10.13"]
[SourceVersion "1"]
[SourceVersionDate "2017.10.13"]
[SourceQuality "1"]

1. c4 e5 2. g3 Nf6 3. Bg2 Nc6 4. Nc3 Bc5 5. h3 0-0 6. d3 d6 7. Bg5 h6 8. Bxf6 Qxf6 9. Ne4 Qe7 10. Nxc5 dxc5 11. a3 Qd6 12. Nf3 Be6 13. 0-0 Rad8 14. Qc2 a5 15. Rac1 b6 16. Rfd1 Nd4 17. Nxd4 exd4 18. Qd2 Rfe8 19. Rf1 1/2-1/2

[Event "Schleswig Holstein-ch Seniors op 9th"]
[Site "Buesum"]
[Date "2015.09.28"]
[Round "1"]
[White "David, Juergen"]
[Black "Mewes, Hans Dieter"]
[Result "0-1"]
[WhiteElo "1350"]
[BlackElo "1929"]
[PlyCount "82"]
[EventDate "2015.09.28"]
[EventType "swiss"]
[EventRounds "9"]
[EventCountry "GER"]
[SourceTitle "EXT 2018"]
[Source "ChessBase"]
[SourceDate "2017.10.13"]
[SourceVersion "1"]
[SourceVersionDate "2017.10.13"]
[SourceQuality "1"]

1. d4 Nf6 2. e3 e6 3. a3 d5 4. Nf3 Be7 5. Bd3 b6 6. b3 Bb7 7. c3 0-0 8. Qc2 Nbd7 9. Nbd2 c5 10. 0-0 Qc7 11. Bb2 Rac8 12. Rac1 Bd6 13. h3 h6 14. Qb1 Qb8 15. Ne1 e5 16. dxe5 Nxe5 17. Be2 Ne4 18. Nxe4 dxe4 19. c4 Rfe8 20. Qa1 f6 21. Rd1 Qc7 22. Rd2 Rcd8 23. Kh1 g6 24. Rd1 Qe7 25. Rg1 Kf7 26. g3 Qe6 27. g4 h5 28. Ng2 g5 29. Qb1 hxg4 30. Bxe5 Qxe5 31. f4 gxf3 32. Rxd6 Rxd6 33. Bxf3 Rh8 34. Bg4 f5 35. Rf1 Rf6 36. Qd1 Bc8 37. Bh5+ Ke7 38. Nf4 gxf4 39. exf4 Qd4 40. Qe1 Rfh6 41. Qh4+ Qf6 0-1

[Event "MVP-ch Seniors op 14th"]
[Site "Binz"]
[Date "2014.12.03"]
[Round "9"]
[White "Kothe, Manfred"]
[Black "Mewes, Hans Dieter"]
[Result "1-0"]
[WhiteElo "1821"]
[BlackElo "1661"]
[PlyCount "50"]
[EventDate "2014.11.25"]
[EventType "swiss"]
[EventRounds "9"]
[EventCountry "GER"]
[SourceTitle "EXT 2016"]
[Source "ChessBase"]
[SourceDate "2015.10.08"]
[SourceVersion "1"]
[SourceVersionDate "2015.10.08"]
[SourceQuality "1"]

1. e4 d5 2. exd5 Qxd5 3. Nc3 Qd6 4. d4 a6 5. Be3 Nf6 6. Nge2 c6 7. Ng3 e6 8. Qd2 Qc7 9. Bd3 Nbd7 10. Nge4 Nxe4 11. Nxe4 Nf6 12. Nxf6+ gxf6 13. 0-0-0 Bd7 14. Kb1 0-0-0 15. c4 c5 16. g3 cxd4 17. Bh6 Bc6 18. Rhe1 Bf3 19. Rc1 a5 20. a3 Qc5 21. Bxf8 Rdxf8 22. Qf4 Bc6 23. Qxf6 b6 24. Re5 Qd6 25. c5 Kb7 1-0

[Event "MVP-ch Seniors op 14th"]
[Site "Binz"]
[Date "2014.12.02"]
[Round "8"]
[White "Mewes, Hans Dieter"]
[Black "Gerhardt, Peter Michael"]
[Result "1/2-1/2"]
[WhiteElo "1661"]
[BlackElo "1827"]
[PlyCount "41"]
[EventDate "2014.11.25"]
[EventType "swiss"]
[EventRounds "9"]
[EventCountry "GER"]
[SourceTitle "EXT 2016"]
[Source "ChessBase"]
[SourceDate "2015.10.08"]
[SourceVersion "1"]
[SourceVersionDate "2015.10.08"]
[SourceQuality "1"]

1. c4 Nf6 2. g3 g6 3. Bg2 Bg7 4. Nc3 0-0 5. d3 c6 6. h3 d6 7. Nf3 Nbd7 8. 0-0 Qc7 9. Re1 b6 10. Rb1 Bb7 11. b3 Rad8 12. Bb2 c5 13. e4 e6 14. Qc2 Ne5 15. d4 cxd4 16. Nxd4 a6 17. Qe2 Nfd7 18. Rbd1 Nc5 19. f4 Nc6 20. Nxc6 Bxc6 21. Rd2 1/2-1/2